EL FINAL DE LA CIVILIZACION BURGUESA: EL FUTURO ECONOMICO, TECNICO Y SOCIAL /

TRADUCCION DE: DAS ENDE DER BURGERLICHEN VERNUNFT WIRTSCHAFTLICHE, TECHNISCHE UND GESELLSCHAFTLICHE ZUKUNFT

-д хадгалсан:
Номзүйн дэлгэрэнгүй
Үндсэн зохиолч: Herbig, Jost (autor)
Формат: Ном
Цуврал:GENRAL, ESTUDIOS Y ENSAYOS
Нөхцлүүд:
Шошгууд: Шошго нэмэх
Шошго байхгүй, Энэхүү баримтыг шошголох эхний хүн болох!

MARC

LEADER 00000nam^a2200000^a^4500
001 000230881
005 20250521000000.0
009 20260310104455.327
020 |a 84-7423-213-9 
035 |a 051174 
037 |a Acervo Xavier Clavigero 
082 |a 306. 3  |b HER 
100 |a Herbig, Jost  |e (autor) 
245 1 3 |a EL FINAL DE LA CIVILIZACION BURGUESA:  |b EL FUTURO ECONOMICO, TECNICO Y SOCIAL /  |c JOST HERBIG; TR. ANTONI DOMENECH 
264 |a BARCELONA :  |b CRITICA,  |c 1983 
300 |a 314p. 
336 |a texto  |b txt  |2 rdacontenido 
337 |a sin mediación  |b n  |2 rdamedio 
338 |a volumen  |b nc  |2 rdasoporte 
440 |a GENRAL, ESTUDIOS Y ENSAYOS 
520 |a TRADUCCION DE: DAS ENDE DER BURGERLICHEN VERNUNFT WIRTSCHAFTLICHE, TECHNISCHE UND GESELLSCHAFTLICHE ZUKUNFT 
649 |a XX 
650 |a Sociología de la Economía 
650 |a Civilización 
650 |a Clase Media 
910 |a Fondo General 
920 |a Impresos - Libros 
930 |a Colección General 
905 |a 101 
901 |a 051174  |b IT1  |c ACC  |i 051174  |u 20250521 
902 |a https://opac.biblio.iteso.mx/vufind/Record/000230881